000 01107nas a2200337 4500
001 BR8400922
003 BR-BrBNA
005 20231205085813.0
007 ta
008 230509b bl.|||p| |||| 00| 00por d
040 _aBR-BrBNA
_bpor
_cBiblioteca Nacional de Agricultura
041 _a(Pt)
072 _aL30; L50
100 1 _aGomes, P.C.
100 1 _aFialho, E.T.
100 1 _aBellaver, C.
100 1 _aGomes, M.F.M.
100 1 _aAlbino, L.F.T.
245 1 _aFarelo de colza na alimentacao de suinos em crescimento e em terminacao - desempenho e digestibilidade [Santa Catarina, Brasil]
246 1 _a[Rapesed meal in feeding growing and finishing pigs - performance and digestibility [Santa Catarina, Brazil]]
650 _aFARELO
650 _aCOLZA
650 _aNUTRICAO ANIMAL
650 _aSUÍNO
650 _aCRESCIMENTO
650 _aDIGESTIBILIDADE
650 _aRACAO
773 0 _tRevista da Sociedade Brasileira de Zootecnia (Brazil)
_xISSN 0100-4859
_g(1983), v. 12(2) p. 266-281
_wBR8400922
909 _a202311
_bLúcia
_c55
_dLúcia Elande
942 _2AGRIS
_n0
_cANA
999 _c113927
_d113927